Normal view MARC view
  • Vargas Guajardo, Gabriela,

Entry Nombre Personal

Number of records used in: 5

001 - NUMERO DE CONTROL

  • campo de control: 41576

003 - IDENTIFICADOR DE NUMERO DE CONTROL

  • campo de control: UPN

005 - FECHA Y HORA DE LA ÜLTIMA TRANSACCIÓN

  • campo de control: 20210219194609.0

008 - DATOS DE LONGITUD FIJA

  • campo de control de longitud fija: nabaccnnaabn|||||||||| b |nc|||||d

035 ## - NUMERO DE CONTROL

  • Número de control: UPN11000013683

040 ## - FUENTE DE CATALOGACIÓN

  • Lenguaje de catalogación: SPA
  • Agencia de transcripción: UPN

100 1# - ENCABEZAMIENTO - NOMBRE PERSONAL

  • Nombre personal: Vargas Guajardo, Gabriela,
  • Fechas asociadas con el nombre: 1953-

400 1# - VEÁSE - NOMBRE DE PERSONA

  • Personal name: Vargas de González Carbonel, Gaby,
  • Dates associated with a name: 1953-

400 1# - VEÁSE - NOMBRE DE PERSONA

  • Personal name: Vargas, Gaby,
  • Dates associated with a name: 1953-

670 ## - FUENTE EN LA QUE SE LOCALIZARON DATOS

  • Cita de la fuente: T
  • Uniform Resource Identifier: Wikipedia

680 ## - NOTA PUBLICA DE ACCESO PÚBLICO

  • Frase explicativa de la referencia: Conferencista, comunicadora, escritora, asesora de imagen mexicana

902 ## - CATALOGADOR

  • Catalogador: EMR/040718